NLSUI OPAC header image

Administrative Law (Record no. 14899)

MARC details
000 -LEADER
fixed length control field 01692nam a2200217Ia 4500
003 - CONTROL NUMBER IDENTIFIER
control field OSt
005 - DATE AND TIME OF LATEST TRANSACTION
control field 20211007150708.0
008 - FIXED-LENGTH DATA ELEMENTS--GENERAL INFORMATION
fixed length control field 160316s1999 xxu||||| |||| 00| 0 eng d
040 ## - CATALOGING SOURCE
Transcribing agency .
082 ## - DEWEY DECIMAL CLASSIFICATION NUMBER
Classification number 342 UPA
Item number UPA
100 ## - MAIN ENTRY--PERSONAL NAME
Personal name Upadhayaya J J R
245 ## - TITLE STATEMENT
Title Administrative Law
250 ## - EDITION STATEMENT
Edition statement 3rd
260 ## - PUBLICATION, DISTRIBUTION, ETC.
Place of publication, distribution, etc. Allahabad
Name of publisher, distributor, etc. Central Law Agency
Date of publication, distribution, etc. 1999
300 ## - PHYSICAL DESCRIPTION
Extent 460p
Dimensions xxxiii
365 ## - TRADE PRICE
Price amount Rs.130
505 ## - FORMATTED CONTENTS NOTE
Formatted contents note 1. Introduction<br/>2. Development of Administrative Law in Action<br/>3. Sources of Administrative Law<br/>4. Fundamental Basic Concepts : Mainly Constitutional<br/>5. Classification of Administrative Action<br/>6. Delegated Legislation<br/>7. Control Over Delegated Legislation<br/>8. Administrative Directions<br/>9. Administrative Adjudication and Tribunals<br/>10. Administrative Tribunals and Agencies<br/>11. Natural Justice and Fairness<br/>12. Effect of Failure of Natural Justice<br/>13. Power of Investigation and Inquiry<br/>14. Legal Control of Administrative Action : Principles and Modes<br/>15. Judicial Control Administrative Action : Through Writs<br/>16. Liability Of Government<br/>17. Ordinary Remedies; Forms Of Review Action<br/>18.Government Privileges And Immunities In Legal Proceeding; Estoppel And Waiver;<br/>19 Licensing Power;<br/>20. Sub-Delegation Of Powers;<br/>21. Exclusion Of Judicial Review;<br/> 22. Ombudsman And Central Vigilance Commission; Prevention Of Administrative Faults And Redress Of Grievances;<br/>23. Public Corporations And Undertakings;<br/>24. Horizon Of Administrative Jurisdiction;<br/>25. Constitutional Protection Of Civil Servants;<br/>26. Public Interest Litigation<br/>Bibliography
650 ## - SUBJECT ADDED ENTRY--TOPICAL TERM
Topical term or geographic name entry element 1. Administrative Law
700 ## - ADDED ENTRY--PERSONAL NAME
Personal name
--
942 ## - ADDED ENTRY ELEMENTS (KOHA)
Source of classification or shelving scheme Dewey Decimal Classification
Koha item type BOOKs
Holdings
Withdrawn status Lost status Damaged status Not for loan Home library Current library Shelving location Date acquired Cost, normal purchase price Total Checkouts Full call number Barcode Date last seen Price effective from Koha item type
        . . Library Compactors 30.05.2017 130.00   342 UPA 15035 30.05.2017 30.05.2017 BOOKs